Solar system / (Record no. 10971)
[ view plain ]
| 000 -LEADER | |
|---|---|
| fixed length control field | 01151nam a2200337 a 4500 |
| 001 - CONTROL NUMBER | |
| JCCL Control Number | 10971 |
| 003 - CONTROL NUMBER IDENTIFIER | |
| JCCL marc code | BD-JhCC |
| 005 - DATE AND TIME OF LATEST TRANSACTION | |
| control field | 20191212134008.0 |
| 008 - FIXED-LENGTH DATA ELEMENTS--GENERAL INFORMATION | |
| fixed length control field | 190609s2018 nyua j 001 0 eng d |
| 020 ## - INTERNATIONAL STANDARD BOOK NUMBER | |
| International Standard Book Number | 9781465454287 (pbk.) |
| 020 ## - INTERNATIONAL STANDARD BOOK NUMBER | |
| International Standard Book Number | 1465454284 |
| 035 ## - SYSTEM CONTROL NUMBER | |
| system control number | (BD-JhCC)10971 |
| 040 ## - CATALOGING SOURCE | |
| Original cataloging agency | YDXCP |
| Transcribing agency | YDXCP |
| Modifying agency | BTCTA |
| -- | OCLCQ |
| -- | BDX |
| -- | VTL |
| -- | OCLCO |
| -- | DLC |
| -- | BD-JhCC |
| 041 ## - LANGUAGE CODE | |
| Language code of Book | eng |
| 050 00 - LIBRARY OF CONGRESS CALL NUMBER | |
| Classification number | QB501.3 |
| Item number | .C78 2016 |
| 082 04 - DEWEY DECIMAL CLASSIFICATION NUMBER | |
| Classification number | 523.2 |
| DDC Edition number | 23 |
| Author mark and Year | CUR 2018 |
| 100 1# - MAIN ENTRY--PERSONAL NAME | |
| Personal name | Cruddas, Sarah, |
| Dates associated with a name | 1984- |
| 245 10 - TITLE STATEMENT | |
| Title | Solar system / |
| Statement of responsibility, etc | author and consultant ; Sarah Cruddas. |
| 250 ## - EDITION STATEMENT | |
| Edition statement | First American edition. |
| 260 ## - PUBLICATION, DISTRIBUTION, ETC. (IMPRINT) | |
| Place of publication, distribution, etc | NY, NY : |
| Name of publisher, distributor, etc | DK Publishing, |
| Date of publication, distribution, etc | 2018. |
| 300 ## - PHYSICAL DESCRIPTION | |
| Pagination | 64 p. : |
| Other physical details | ill. (chiefly col.) ; |
| Dimensions | 25 cm. |
| 490 1# - SERIES STATEMENT | |
| Series statement | DK findout! |
| 500 ## - GENERAL NOTE | |
| General note | "What do you want to find out? Fun facts, amazing pictures, quizzes"--Cover. |
| 500 ## - GENERAL NOTE | |
| General note | Includes index. |
| 520 ## - SUMMARY, ETC. | |
| Summary, etc | Introduces the solar system, discussing the planets, space exploration, and what is beyond its borders.-- |
| 650 #0 - SUBJECT ADDED ENTRY--TOPICAL TERM | |
| Topical term or geographic name as entry element | Astronomy |
| Form subdivision | Juvenile literature. |
| 650 #1 - SUBJECT ADDED ENTRY--TOPICAL TERM | |
| Topical term or geographic name as entry element | Astronomy. |
| 651 #0 - SUBJECT ADDED ENTRY--GEOGRAPHIC NAME | |
| Geographic name | Solar system |
| Form subdivision | Juvenile literature. |
| 651 #1 - SUBJECT ADDED ENTRY--GEOGRAPHIC NAME | |
| Geographic name | Solar system. |
| 942 ## - ADDED ENTRY ELEMENTS (KOHA) | |
| Source of classification or shelving scheme | Dewey Decimal Classification |
| Koha item type | Books |
| Koha issues (borrowed), all copies | 2 |
| Source of classification or shelving scheme | Damaged status | Not for loan | Home library | Current library | Shelving location | Date of accession | Cost, normal purchase price | Total Checkouts | Full call number | Barcode | Date last seen | Date checked out | Copy number | Koha item type |
|---|---|---|---|---|---|---|---|---|---|---|---|---|---|---|
| Dewey Decimal Classification | JCC Rouf Library | JCC Rouf Library | General Stacks | 06/09/2019 | 275.00 | 2 | 523.2 CUR 2018 | 15218 | 09/19/2023 | 09/18/2023 | C-1 | Books | ||
| Dewey Decimal Classification | JCC Rouf Library | JCC Rouf Library | General Stacks | 08/10/2020 | 275.00 | 1 | 523.2 CUR 2018 | 16002 | 04/29/2024 | 04/28/2024 | C-2 | Books |